Statistics for Ukraine Immigration by Country

Click here to take the quiz!

General Stats

  • This quiz has been taken 234 times
  • The average score is 15 of 20

Answer Stats

# PeopleCountry of Origin% Correct
3,276,758Russia
100%
245,534Belarus
96%
222,245Kazakhstan
89%
149,745Moldova
89%
6,560China
88%
64,399Georgia
86%
19,497Latvia
84%
47,307Armenia
84%
24,418Lithuania
83%
83,299Azerbaijan
83%
10,222Estonia
82%
219,814Uzbekistan
81%
29,367Tajikistan
79%
22,602Turkmenistan
79%
26,729Kyrgyzstan
78%
3,816India
76%
3,720Syria
56%
3,752Israel
43%
12,390Vietnam
42%
3,714Jordan
21%

Score Distribution

Percentile by Number Answered

Percent of People with Each Score

Your Score History

You have not taken this quiz